000 00503cam a22002054a 4500
005 20250605164320.0
008 250528s ||||||||||||||||||||||||d
035 _a22889
020 _a9780582848870
040 _aGR-AtMCL
_bgre
_dGR-AtMCL
_eAACR2
245 1 _aNEW INSIGHTS INTO BUSINESS STUDENT'S BOOK
250 _a1
260 _bLongman,
_c2000
300 _a176
700 1 _aTrappe Tonya
_96009
700 1 _aTullis Graham
_96010
942 _cBK
999 _c7933
_d7933